00410caa a22001572a 4500001000900000003001100009008004300020092001800063100002100081245001100102300001600113500008400129546001300213942000900226999001700235 007717 AR-FADEU 311216n########xxu####################dd a820.914bN532 aGordimer, Nadine aHomage aPP. 404-409 aEn: New writing 4 /ed. A. S. Byatt. London : Vitage / The British Council, 1995 aInglés cBDGR c13531d13531